Statistics for 飯田線全駅

Click here to take the quiz!

General Stats

  • This quiz has been taken 79 times
  • The average score is 49 of 94

Answer Stats

Answer% Correct
辰野
96%
飯田
96%
豊橋
92%
豊川
88%
天竜峡
86%
伊那市
84%
新城
84%
小和田
78%
水窪
78%
本長篠
78%
中部天竜
76%
駒ヶ根
76%
平岡
73%
中井侍
73%
船町
71%
大嵐
71%
下地
69%
佐久間
69%
為栗
67%
小坂井
67%
長篠城
67%
63%
金野
61%
牛久保
59%
田本
59%
伊那松島
59%
湯谷温泉
59%
伊那北
57%
温田
57%
下山村
55%
55%
千代
53%
伊那福岡
53%
三河槙原
53%
東栄
53%
田切
51%
三河東郷
51%
沢渡
51%
伊那小沢
51%
高遠原
51%
三河一宮
49%
伊那新町
49%
宮田
49%
切石
49%
伊那大島
49%
向市場
49%
駄科
49%
元善光寺
49%
茶臼山
49%
桜町
49%
伊那上郷
47%
大田切
47%
野田城
47%
鶯巣
47%
大海
47%
七久保
47%
東新町
47%
宮木
45%
伊那田島
45%
門島
45%
長山
45%
鳥居
45%
三河大野
45%
唐笠
43%
時又
43%
羽場
43%
東上
43%
城西
43%
三河川合
43%
飯島
43%
川路
41%
相月
41%
赤木
41%
出馬
41%
毛賀
39%
柿平
39%
伊那八幡
39%
小町屋
39%
上片桐
39%
浦川
39%
下市田
37%
江島
37%
市田
37%
田畑
37%
伊那本郷
37%
下川合
35%
早瀬
35%
北殿
33%
木ノ下
33%
山吹
33%
池場
33%
上市場
33%
下島
31%
遠山口
12%

Score Distribution

Percentile by Number Answered

Percent of People with Each Score

Your Score History

You have not taken this quiz